Vista normal Vista MARC

Entrada Personal Name

Número de registros utilizados en: 2

001 - CONTROL NUMBER

  • control field: 54417

003 - CONTROL NUMBER IDENTIFIER

  • control field: OSt

005 - DATE AND TIME OF LATEST TRANSACTION

  • control field: 20241126100247.0

008 - FIXED-LENGTH DATA ELEMENTS

  • fixed length control field: 241126|| aca||aabn | a|a d

040 ## - CATALOGING SOURCE

  • Original cataloging agency: OSt
  • Transcribing agency: OSt

100 ## - HEADING--PERSONAL NAME

  • Personal name: Esteban Rafael Egea

670 ## - SOURCE DATA FOUND

  • Source citation: Work cat.: (OSt)51401: Esteban Rafael Egea, Los adverbios terminados en mente en el español contemporáneo









Instituto Departamental de Cultura del Meta - Red Departamental de Bibliotecas Públicas del Meta.